Máy và thiết bị nâng /

Các chi tiết và cụm chi tiết của thiết bị cơ khí trên máy nâng; Các cơ cấu công tác máy nâng; Các máy nâng thông dụng.

Đã lưu trong:
書目詳細資料
主要作者: Trương Quốc Thành, TS.
其他作者: Phạm Quang Dũng, TS.
格式: 圖書
語言:Vietnamese
出版: Hà Nội : Khoa học và kỹ thuật, 2004.
主題:
標簽: 添加標簽
沒有標簽, 成為第一個標記此記錄!
Thư viện lưu trữ: Mạng thư viện Đại học Đà Nẵng
LEADER 01297cam a2200361 a 4500
001 000044145
003 2399
005 20060323154130.0
008 010217b2004 vm 000 vie
020 |c 54000 
040 |a LRC  |c LRC  |d LRC 
041 0 |a vie 
082 1 4 |a 690.028  |b TR-T 
100 1 |a Trương Quốc Thành,  |c TS. 
245 1 0 |a Máy và thiết bị nâng /  |c Trương Quốc Thành, Phạm Quang Dũng. 
260 |a Hà Nội :  |b Khoa học và kỹ thuật,  |c 2004. 
300 |a 366 tr. :  |b mh. ;  |c 27 cm. 
520 3 |a Các chi tiết và cụm chi tiết của thiết bị cơ khí trên máy nâng; Các cơ cấu công tác máy nâng; Các máy nâng thông dụng. 
630 0 4 |a Máy nâng. 
630 0 4 |a Thiết bị nâng. 
700 1 |a Phạm Quang Dũng,  |c TS. 
OWN |a DUT 
AVA |a UDN50  |b DUT  |c Book  |d 690.028 TR-T  |e available  |t Error 5001 Not defined in file expand_doc_bib_avail.  |f 10  |g 0  |h N  |i 1  |j SH  |k 1 
999 |a From the UDN01 
AVA |a UDN50  |b DUT  |c Book  |d 690.028 TR-T  |e available  |t Error 5001 Not defined in file expand_doc_bib_avail.  |f 10  |g 0  |h N  |i 1  |j SH  |k 1 
TYP |a Monograph 
TYP |a Printed language 
980 |a Mạng thư viện Đại học Đà Nẵng